[Event "UGA-chT"]
[Site "Kampala"]
[Date "2018.05.24"]
[Round "1.3"]
[White "Kalugo, George William"]
[Black "Tembi Tendo, Brian"]
[Result "1-0"]
[WhiteElo "1940"]
[BlackElo "1668"]
[PlyCount "46"]
[EventDate "2018.05.24"]
[EventType "team-swiss"]
[EventRounds "14"]
[EventCountry "UGA"]
[SourceTitle "CBM 187 Extra"]
[Source "ChessBase"]
[SourceDate "2018.11.04"]
[SourceVersion "1"]
[SourceVersionDate "2018.11.04"]
[SourceQuality "1"]
[WhiteTeam "Mulago Rooks"]
[BlackTeam "Bunamwaya CC"]
[WhiteTeamCountry "UGA"]
[BlackTeamCountry "UGA"]

1. d4 d5 2. e3 Nf6 3. f4 e6 4. Nf3 Bd6 5. Bd3 c5 6. c3 0-0 7. 0-0 Nc6 8. Ne5 c4 9. Bc2 Ne4 10. Rf3 f6 11. Nxc4 Bc7 12. Qf1 f5 13. Ne5 h5 14. Rh3 Nxe5 15. fxe5 Qg5 16. Nd2 Bd8 17. Qe2 b6 18. Qb5 Ba6 19. Qc6 Qg4 20. Qxe6+ Kh8 21. Nf3 Ng5 22. Nxg5 Bxg5 23. Rf3 Be2 1-0